000 00457nam a2200181Ia 4500
005 20240826012318.0
008 240331s9999 xx 000 0 und d
020 _a9551266242
082 _bTHI
_a800
100 _aThiruchandran, S
245 0 _aStories from the diaspora :
_bTamil women, writing
260 _aColombo
_bVijitha Yapa Publications
_c2006
300 _a96 p .,
650 _aWoman
650 _aSocial
650 _aPolitical
942 _cL
999 _c3107
_d3107